LIBRARY & INFORMATION CENTRE, KCAET, TAVANUR

ONLINE PUBLIC ACCESS CATALOGUE (OPAC)

Dryland Agriculture (Record no. 14496)

MARC details
000 -LEADER
fixed length control field 00336nam a22001457a 4500
020 ## - INTERNATIONAL STANDARD BOOK NUMBER
ISBN 9788192229065
082 ## - DEWEY DECIMAL CLASSIFICATION NUMBER
Classification number 631.586
Item number KAD/DR
100 ## - MAIN ENTRY--AUTHOR NAME
Personal name Kadlag,A.D
100 ## - MAIN ENTRY--AUTHOR NAME
Personal name More,T.A
100 ## - MAIN ENTRY--AUTHOR NAME
Personal name Mate.S.N
245 ## - TITLE STATEMENT
Title Dryland Agriculture
260 ## - PUBLICATION, DISTRIBUTION, ETC. (IMPRINT)
Place of publication New Delhi
Name of publisher Agri- Biovet Press
Year of publication 2014
300 ## - PHYSICAL DESCRIPTION
Number of Pages 394
942 ## - ADDED ENTRY ELEMENTS (KOHA)
Koha item type Books
Holdings
Withdrawn status Lost status Damaged status Collection code Home library Current library Shelving location Date acquired Source of acquisition Cost, normal purchase price Full call number Accession Number Koha item type
        KAUAET KAUAET General Stacks 11/07/2016 Arunima Book Distributors,TVPM 1895.00 631.586 KAD/DR 24813 Books
free website counter